Odliv mozgov a demografická kríza na Slovensku diplomová práca

Guardado en:
Detalles Bibliográficos
Autor principal: Možutík, Jakub
Autor Corporativo: Národohospodárska fakulta EU. Katedra hospodárskej politiky
Otros Autores: Pobudová, Daniela, 1982-
Formato: Libro
Lenguaje:eslovaco
Publicado: Bratislava 2019
Etiquetas: Agregar Etiqueta
Sin Etiquetas, Sea el primero en etiquetar este registro!

MARC

LEADER 00000nbm a2200000 4500
001 0254998
005 20190722122755.4
041 0 |a slo 
044 |a SK 
245 1 0 |a Odliv mozgov a demografická kríza na Slovensku  |b diplomová práca  |c Jakub Možutík ; školiteľ: Daniela Pobudová 
264 1 |a Bratislava  |c 2019 
300 |a 75 s. 
100 1 |a Možutík, Jakub 
700 1 |a Pobudová, Daniela, 1982- 
710 2 |a Národohospodárska fakulta EU. Katedra hospodárskej politiky